| 000 | 00774na a2200265 4500 | ||
|---|---|---|---|
| 001 | 15403 | ||
| 003 | MIRAKIL | ||
| 005 | 20181213155153.0 | ||
| 008 | 161101b tu 000 0 | ||
| 020 | _a9786058832909 | ||
| 035 | _a15403 | ||
| 040 |
_aMilas _btur _cTR-AnCHP |
||
| 041 | _atur | ||
| 082 |
_a947.9 _bK26g 2010 |
||
| 090 | _a947.9 K26g 2010 | ||
| 100 |
_aKaragöz, Erkan _d1954- |
||
| 245 |
_aGüneybatı Kafkasya siyasal ve sosyal mücadeleler tarihi _cErkan Karagöz |
||
| 260 |
_aİstanbul _bPark Kitap _c2010 |
||
| 300 |
_a288 s. _c24 sm. |
||
| 490 |
_aAlternatif Tarih dizisi _v1 |
||
| 651 |
_aKafkasya _xBağımsızlık mücadelesi _yTarih |
||
| 651 |
_aKafkasya _xSiyasal tarih |
||
| 651 |
_aKafkasya _xSiyaset ve yönetim _yTarih |
||
| 942 |
_2ddc _cBKS |
||
| 999 |
_c7901 _d7901 |
||